अमृतवाणी (Record no. 434806)

MARC details
000 -LEADER
fixed length control field 00427nam a2200145Ia 4500
008 - FIXED-LENGTH DATA ELEMENTS--GENERAL INFORMATION
fixed length control field 100122s9999 xx 000 0 und d
082 ## - DEWEY DECIMAL CLASSIFICATION NUMBER
Item number 59184
Classification number 181.4
100 ## - MAIN ENTRY--PERSONAL NAME
Personal name सहस्त्रबुध्दे प्र ग
245 ## - TITLE STATEMENT
Title अमृतवाणी
260 ## - PUBLICATION, DISTRIBUTION, ETC. (IMPRINT)
Name of publisher, distributor, etc रामकृष्ण मठ
Date of publication, distribution, etc 1998
300 ## - PHYSICAL DESCRIPTION
Extent 294
630 ## - SUBJECT ADDED ENTRY--UNIFORM TITLE
Uniform title अमृतवाणी
730 ## - ADDED ENTRY--UNIFORM TITLE
Uniform title अमृतवाणी
942 ## - ADDED ENTRY ELEMENTS (KOHA)
Koha item type Book
Holdings
Withdrawn status Lost status Damaged status Not for loan Home library Current library Date acquired Cost, normal purchase price Total Checkouts Full call number Barcode Date last seen Cost, replacement price Price effective from Koha item type Public note
        S.V. Pathak Library, Vile Parle S.V. Pathak Library, Vile Parle 01/03/2001 35.00   59184 SVPPARLE-59184 01/25/2010 35.00 01/25/2010 Book General NA